লোডিং...

Pranayini/

গ্রন্থ-পঞ্জীর বিবরন
প্রধান লেখক: Harold Robbins
অন্যান্য লেখক: Moosakutty N (tr.)
বিন্যাস: Printed Book
প্রকাশিত: Kochi: Happy Books, 2017.
বিষয়গুলি:
LEADER 00597nam a22001697a 4500
082 |a M3 (FTr.)  |b HAR/P 
100 |a Harold Robbins  |9 158005 
245 |a Pranayini/  |c by Harold Robbins 
260 |a Kochi:  |b Happy Books,  |c 2017. 
300 |a 394p. 
650 |a Novel Malayalam  |9 158006 
650 |a Literature Malayalam  |9 158007 
650 |a Literature  |9 158008 
700 |a Moosakutty N (tr.)  |9 158009 
942 |c BK 
999 |c 141904  |d 141904 
952 |0 0  |1 0  |4 0  |6 M_3_000000000000000_FTR__HAR_P  |7 0  |9 98164  |a SSUS  |b SSUS  |c STACKS  |d 2019-05-07  |g 375.00  |l 1  |o M3 (FTr.) HAR/P  |p 094713  |r 2019-08-22  |s 2019-08-21  |w 2019-05-07  |y BK